| 000 | 00541nam a22001817a 4500 | ||
|---|---|---|---|
| 003 | BD-DhUL | ||
| 005 | 20161215152745.0 | ||
| 008 | 161215b xxu||||| |||| 00| 0 eng d | ||
| 040 |
_cBD-DhUL _dBD-DhUL |
||
| 082 |
_a657 _bWAM |
||
| 100 | 1 | _aWaldren,s r | |
| 245 |
_aModern Trends in The From Of Published Accounts / _cWaldren |
||
| 260 |
_aHarpenden: _bMilton, _c1960. |
||
| 300 |
_a83p.: _bill., _c23cm. |
||
| 500 | _aIncludes bibliographical references index. | ||
| 504 | _aIncludes bibliographical references index. | ||
| 942 |
_2ddc _cBK |
||
| 999 |
_c136201 _d136201 |
||